Primary Health Nursing : Maternal and child health (Record no. 153478)

MARC details
000 -LEADER
fixed length control field 00351nam a2200133Ia 4500
008 - FIXED-LENGTH DATA ELEMENTS--GENERAL INFORMATION
fixed length control field 230411s9999 xx 000 0 und d
041 ## - LANGUAGE CODE
Language code of text/sound track or separate title eng
082 ## - DEWEY DECIMAL CLASSIFICATION NUMBER
Classification number OG/610.736 8/SUN/B02266
100 ## - MAIN ENTRY--PERSONAL NAME
Personal name Sunil Kumar
245 ## - TITLE STATEMENT
Title Primary Health Nursing : Maternal and child health
260 ## - PUBLICATION, DISTRIBUTION, ETC. (IMPRINT)
Name of publisher, distributor, etc. IGNOU
Place of publication, distribution, etc. New Delhi
Date of publication, distribution, etc. 1994
300 ## - PHYSICAL DESCRIPTION
Extent 92p
Holdings
Withdrawn status Lost status Damaged status Not for loan Collection code Home library Current library Date acquired Vendor Total Checkouts Full call number Barcode Date last seen Date last checked out Bill Date Koha item type Original Barcode
        Gynecology Smt. Bakul Tambat Institute of Nursing Education Smt. Bakul Tambat Institute of Nursing Education 24/02/2005 XEROX COPY. 1 OG 610.736 8 SUN B02266 BTIN-BK-2266 16/06/2023 20/05/2023 24/02/2005 Books B02266